Zvýšiť nároky na prípravu odborníkov Vysoké školy v SSR po 17. zjazde KSČ a zjazde KSS

Podrobná bibliografia
Hlavný autor: Zozuľák, Michal (Autor)
Médium: Článok
Jazyk:slovenčina
Predmet:

MARC

LEADER 00000nab a2200000 a 4500
001 vtls000245944
003 SK-MaSNL
005 20260305023712.0
008 111130c1986 xo 0 slo
015 |a SNBRB19rr/mm-uuuuu 
035 |a CL0256058 
040 |a SNKBUCL  |b slo  |c SNKBUCL  |e AACR2 
041 0 |a slo 
044 |a xo  |c SK 
080 |a 378.6:329(437)  |2 1981 
080 |a 329(437)  |2 1981 
080 |a 329.15(437)  |2 1981 
100 1 |a Zozuľák, Michal  |4 aut  |9 518743 
245 1 0 |a Zvýšiť nároky na prípravu odborníkov  |b Vysoké školy v SSR po 17. zjazde KSČ a zjazde KSS  |c Michal Zozuľák 
610 7 |a Komunistická strana Československa  |2 snkbucl  |9 32256 
650 0 7 |a vysoké školy  |2 snkbucl  |9 1277 
650 0 7 |a stranícke zjazdy  |2 snkbucl  |9 101752 
655 7 |a články z novín a časopisov  |2 snkbucl  |9 267496 
773 0 |t Pravda  |g Roč. 67, č. 101 (30. 4. 1986), s. 4 
850 |a Slovenská národná knižnica v Martine  |a MTA001 
852 |a SNK  |b KIS3GCP 
958 |a RK 
992 |a RBX 
999 |c 3298549  |d 3300479